000 00463nam a2200157 4500
001 117952
003 ES-MaACL
005 20230906191012.0
007 t|
008 070214s1970 sp r ||||1| spa d
100 1 _aPelay Orozco, Miguel.
_990021
245 1 4 _aLas intuiciones de Sotero Bidarte
_b: novela /
_cMiguel Pelay Orozco.
260 _aZarauz (Guipúzcoa) :
_bIcharopena,
_c1970.
300 _a225 p. ;
_c18 cm.
852 _aES-MaACL
_jC-44347
_bR.75002
999 _c117952
_d117952